000 00546nam a22001937a 4500
003 OSt
005 20220107122849.0
008 190530b xxu||||| |||| 00| 0 eng d
020 _a9780198089605
040 _cIIITMK
082 _a356.048654 KAN/I
100 _aKankanala, Kalyan K
_915575
245 _aIndian patent law and practice
_cKalyan K Kankanala
260 _aNew Delhi,
_bOxford University Press,
_c2010.
300 _axxiii, 353p.
700 _aNarasani, Arun K
_915576
700 _aRadhakrishnan, Vinita
_915577
942 _2ddc
_cBK
999 _c6444
_d6444